00522nam a2200169Ia 4500003000500000008004100005040001900046082000700065100001700072245006200089260004000151300000800191546001200199942001200211999001700223952011200240STCL181203s9999 xx 000 0 und d aSTCLbENcSTCL 222 aBenedict XVI 0aCaritas in Veritate - Charity in Truth: Encyclical Letter bCarmel PublishingaTrivandrumc2011 a128 aEnglish 2ddccBK c83960d83960 00102ddc4070aSTCALbSTCALcGENd2018-12-03l0o234.25 BEN-Cp91761r2018-12-03 00:00:00w2018-12-03yBK